Introduction to management science / (Record no. 276073)
[ view plain ]
| 000 -LEADER | |
|---|---|
| fixed length control field | 00424nam a2200157 a 4500 |
| 005 - DATE AND TIME OF LATEST TRANSACTION | |
| control field | 20141022141958.0 |
| 008 - FIXED-LENGTH DATA ELEMENTS--GENERAL INFORMATION | |
| fixed length control field | 120302s19uu xx 00 eng d |
| 050 ## - LIBRARY OF CONGRESS CALL NUMBER | |
| Classification number | CD-ROM |
| Item number | In8 2008 |
| 100 ## - MAIN ENTRY--PERSONAL NAME | |
| Personal name | Hillier, Frederick |
| 245 ## - TITLE STATEMENT | |
| Title | Introduction to management science / |
| Statement of responsibility, etc | Frederick Hillier, et al. |
| 260 ## - PUBLICATION, DISTRIBUTION, ETC. (IMPRINT) | |
| Date of publication, distribution, etc | 2008. |
| 700 ## - ADDED ENTRY--PERSONAL NAME | |
| Personal name | Hillier, Mark |
| 700 ## - ADDED ENTRY--PERSONAL NAME | |
| Personal name | Schmedders, Karl |
| 700 ## - ADDED ENTRY--PERSONAL NAME | |
| Personal name | Stephens, Molly |
| 942 ## - ADDED ENTRY ELEMENTS (KOHA) | |
| Koha item type | Audio Visual Materials |
| Withdrawn status | Lost status | Damaged status | Home library | Current library | Shelving location | Date acquired | Total Checkouts | Total Renewals | Full call number | Barcode | Date last seen | Date checked out | Price effective from | Koha item type |
|---|---|---|---|---|---|---|---|---|---|---|---|---|---|---|
| College Library | College Library | Audio Visual Material Section | 03/02/2012 | 1 | 9 | CD-ROM In8 2008 | M0017 | 03/08/2019 | 01/03/2019 | 04/12/2014 | Audio Visual Materials |